Ramona, adéu / (Record no. 131994)

MARC details
000 -LEADER
campo de control de longitud fija 00507nam a2200193 4500
001 - NÚMERO DE CONTROL
campo de control 131994
003 - IDENTIFICADOR DE NÚMERO DE CONTROL
campo de control ES-MaACL
007 - CAMPO FIJO DE DESCRIPCIÓN FÍSICA--INFORMACIÓN GENERAL
campo de control de longitud fija t|
008 - DATOS DE LONGITUD FIJA--INFORMACIÓN GENERAL
campo de control de longitud fija 070214s1980 sp r ||||1| cat d
100 1# - ENTRADA PRINCIPAL--NOMBRE DE PERSONA
Nombre de persona Roig, Montserrat.
9 (RLIN) 99006
245 10 - MENCIÓN DEL TÍTULO
Título Ramona, adéu /
Mención de responsabilidad, etc. Montserrat Roig.
250 ## - MENCION DE EDICION
Mención de edición 8ª. ed.
260 ## - PUBLICACIÓN, DISTRIBUCIÓN, ETC.
Lugar de publicación, distribución, etc. Barcelona,
Fecha de publicación, distribución, etc. 1980.
300 ## - DESCRIPCIÓN FÍSICA
Extensión 166 p. ;
Dimensiones 19 cm.
490 1# - MENCIÓN DE SERIE
Mención de serie . (. Al cangur ;
Designación de volumen o secuencia 25
830 0# - PUNTO DE ACCESO ADICIONAL DE SERIE-TÍTULO UNIFORME
Título uniforme . (. Al cangur ;
Designación de volumen o secuencia 25
9 (RLIN) 219622
852 ## - LOCALIZACIÓN
Ubicación ES-MaACL
Número de control de estantería L-725
Sublocalización o colección R.101259
Holdings
Estatus retirado Estado de pérdida Estado de daño No para préstamo Biblioteca de origen Biblioteca actual Ubicación en estantería Fecha de adquisición Fuente de adquisición Total de préstamos Signatura topográfica completa Código de barras Visto por última vez Precio de reemplazo Tipo de ítem Koha
        Biblioteca del Ateneo de Madrid Biblioteca del Ateneo de Madrid Depósito 2 17/01/2008     L-725 1137422 23/02/2023 23/02/2023 Libro impreso